| 000 | 00628cam a22001934a 4500 | ||
|---|---|---|---|
| 020 | _a9780743290111 (alk. paper) | ||
| 020 | _a1416590196 (alk. paper) | ||
| 082 | 0 | 0 | _a813.6 |
| 100 | 1 |
_aWeisberger, Lauren, _d1977- |
|
| 245 | 1 | 0 |
_aChasing Harry Winston / _cLauren Weisberger. |
| 260 |
_aLondon _bHarper Collins _cc2008. |
||
| 300 |
_a308 p. ; _c17.5 cm. |
||
| 650 | 0 |
_aYoung women _981896 |
|
| 650 | 0 |
_aFemale friendship _93696 |
|
| 942 |
_2ddc _cBK |
||
| 999 |
_c586264 _d586264 |
||